[Event "Titled Tue 10th Jun Late"]
[Site "chess.com INT"]
[Date "2025.06.10"]
[Round "5"]
[White "Sliwicka, Alicja"]
[Black "Pullela, Sricharan"]
[Result "0-1"]
[WhiteTitle "WGM"]
[WhiteElo "2299"]
[BlackElo "2144"]
[WhiteFideId "1150677"]
[BlackFideId "30951089"]
[EventDate "2025.06.10"]

1. e4 c5 2. Nf3 Nc6 3. d4 cxd4 4. Nxd4 e5 5. Nb5 d6 6. a4 Nf6 7. N1c3 a6 8. Na3
Be7 9. Bc4 O-O 10. O-O Bg4 11. f3 Be6 12. Kh1 Rc8 13. Be3 Nb4 14. Qe2 Qc7 15.
Bxe6 fxe6 16. Rad1 d5 17. exd5 exd5 18. Bg5 d4 19. Bxf6 Bxf6 20. Ne4 Qc6 21. c3
Nd5 22. cxd4 exd4 23. Nxf6+ Qxf6 24. Qe4 Ne3 25. Rfe1 Nxd1 26. Rxd1 Rcd8 27. Nc4
Rfe8 28. Qd3 b5 29. axb5 axb5 30. Nd2 Qc6 31. Ne4 Qc4 32. h4 Qxd3 33. Rxd3 Re6
34. Kg1 Rc6 35. b3 h6 36. Kf2 Kf7 37. Kg3 Ke6 38. Kf4 Rf8+ 39. Kg4 Ke5 40. h5 g5
41. Kg3 Rf4 42. Nf2 Rc3 43. Rd2 Kd5 44. Nd3 Rf8 45. f4 gxf4+ 46. Kg4 Ke4 47. Ne1
d3 48. b4 Ke3 49. Rd1 d2 50. Nf3 Rd8 51. Nxd2 Rxd2 52. Re1+ Re2 53. Rd1 Rxg2+
54. Kf5 Rg5+ 55. Ke6 f3 56. Re1+ Kf2 57. Re4 Re3 0-1

[Event "Titled Tue 10th Jun Late"]
[Site "chess.com INT"]
[Date "2025.06.10"]
[Round "5"]
[White "Alvarado, Carlos"]
[Black "Banerjee, Supratit"]
[Result "1-0"]
[WhiteTitle "CM"]
[BlackTitle "FM"]
[WhiteElo "2032"]
[BlackElo "2311"]
[WhiteFideId "3800555"]
[BlackFideId "2410079"]
[EventDate "2025.06.10"]

1. Nf3 d5 2. b3 Nf6 3. Bb2 g6 4. c4 dxc4 5. bxc4 Bg7 6. d3 O-O 7. Nbd2 a6 8. Rb1
Nc6 9. g3 Re8 10. Bg2 e5 11. Ng5 h6 12. Nge4 Nxe4 13. Nxe4 Qe7 14. O-O Be6 15.
Qc1 Bf8 16. Nc3 f5 17. Nd5 Qf7 18. e4 fxe4 19. dxe4 Rad8 20. f4 Nd4 21. Bxd4
exd4 22. Rxb7 Bxd5 23. cxd5 Re7 24. e5 Rxd5 25. Bxd5 Qxd5 26. Rxc7 Rxc7 27. Qxc7
d3 28. Qc8 Qd4+ 29. Kg2 Qd5+ 30. Kh3 d2 31. Rd1 h5 32. Qc2 Qd7+ 33. Kg2 Qd5+ 34.
Kh3 Qe6+ 35. f5 gxf5 36. Qxd2 f4+ 37. Kg2 Qc6+ 38. Qd5+ Qxd5+ 39. Rxd5 fxg3 40.
hxg3 Kf7 41. Ra5 Ke6 42. Rxa6+ Kxe5 43. Ra5+ Ke4 44. Rxh5 Bd6 45. Ra5 Bc7 46.
Ra4+ Ke3 47. Rc4 Bd8 48. Rc2 Ke4 49. Rf2 Bb6 50. g4 Bd8 51. Rf5 Be7 52. Kf2 Bd8
53. Ke2 Be7 54. Kd2 Bd8 55. Kc2 Be7 56. Kb3 Bd8 57. Kc4 Be7 58. Kb5 Bd8 59. a4 1-0

[Event "Titled Tue 10th Jun Late"]
[Site "chess.com INT"]
[Date "2025.06.10"]
[Round "5"]
[White "Nepomniachtchi, Ian"]
[Black "Mahdavi, Reza"]
[Result "1/2-1/2"]
[WhiteTitle "GM"]
[BlackTitle "IM"]
[WhiteElo "2757"]
[BlackElo "2454"]
[WhiteFideId "4168119"]
[BlackFideId "12595926"]
[EventDate "2025.06.10"]

1. e4 e5 2. d4 exd4 3. Qxd4 Nc6 4. Qe3 Nf6 5. Nc3 Bb4 6. Bd2 O-O 7. O-O-O Re8 8.
Bc4 d6 9. Nf3 a6 10. a3 Bc5 11. Qf4 b5 12. Bb3 Be6 13. Bxe6 Rxe6 14. Ng5 Re7 15.
h4 b4 16. axb4 Bxb4 17. Rh3 Rb8 18. Nd5 Nxd5 19. exd5 Bxd2+ 20. Qxd2 Ne5 21. Ra3
h6 22. f4 hxg5 23. fxe5 Rxe5 24. hxg5 Qxg5 25. Qxg5 Rxg5 26. Rd2 Re8 27. c4 Ra8
28. Kc2 Rg4 29. b3 g5 30. Re2 Kg7 31. Kc3 Kg6 32. Kb4 Rg3 33. Re7 Rb8+ 34. Ka5
Rxg2 35. Rxc7 Rf2 36. Rc6 Rf6 37. Rxa6 g4 38. b4 Kg5 39. b5 Rf4 40. Rc3 Rf3 41.
Rxf3 gxf3 42. Kb4 f2 43. Ra1 Kf4 44. c5 dxc5+ 45. Kxc5 Ke5 46. Rf1 Rc8+ 47. Kb4
Rc2 48. Kb3 Rc5 49. Kb4 Rc2 50. Kb3 Rc5 51. Kb4 Rc2 1/2-1/2

[Event "Titled Tue 10th Jun Late"]
[Site "chess.com INT"]
[Date "2025.06.10"]
[Round "5"]
[White "Martinovici, Ilia"]
[Black "Materia, Marco"]
[Result "1/2-1/2"]
[WhiteTitle "IM"]
[BlackTitle "IM"]
[WhiteElo "2452"]
[BlackElo "2489"]
[WhiteFideId "13907034"]
[BlackFideId "45150451"]
[EventDate "2025.06.10"]

1. d4 Nf6 2. c4 e6 3. Nc3 d5 4. cxd5 exd5 5. Bg5 Be7 6. e3 h6 7. Bh4 c6 8. Bd3
O-O 9. Qc2 Re8 10. Nge2 Nbd7 11. O-O Nh5 12. Bxe7 Qxe7 13. Rae1 Nb6 14. Qd1 Qg5
15. Nf4 Bg4 16. f3 Bd7 17. Nxh5 Qxh5 18. e4 dxe4 19. fxe4 Qxd1 20. Rxd1 Rad8 21.
Bc2 Bg4 22. Bb3 Bxd1 23. Bxf7+ Kh7 24. Bxe8 Bg4 25. Bf7 Rxd4 26. e5 Nc8 27. h3
Bd7 28. e6 Bxe6 29. Bxe6 Nd6 30. Rd1 Rxd1+ 31. Nxd1 Kg6 32. Kf2 Kf6 33. Bb3 Ke5
34. Ne3 b5 35. Bc2 c5 36. Kf3 c4 37. a3 a5 38. Ke2 b4 39. axb4 axb4 40. b3 cxb3
41. Bxb3 Kf4 42. Nd5+ Kg3 43. Kf1 Nf5 44. Kg1 Nd4 45. Ba2 b3 46. Bb1 h5 47. Kf1
g5 48. Nc3 g4 49. hxg4 Kxg4 50. Ne2 Nb5 51. Kf2 b2 52. Bd3 h4 53. Ng1 Nc3 54.
Nf3 b1=Q 55. Bxb1 Nxb1 56. Nxh4 Kxh4 57. g4 Kg5 58. Kf3 Na3 59. Ke3 Nb5 60. Kd3
Nc7 61. Kc4 Ne8 62. Kc5 Nf6 63. Kb6 Nxg4 1/2-1/2

[Event "Titled Tue 10th Jun Late"]
[Site "chess.com INT"]
[Date "2025.06.10"]
[Round "5"]
[White "Khlebovich, Alexander"]
[Black "Oksendal, Martin"]
[Result "1-0"]
[WhiteTitle "IM"]
[BlackTitle "FM"]
[WhiteElo "2423"]
[BlackElo "2235"]
[WhiteFideId "4169123"]
[BlackFideId "1554107"]
[EventDate "2025.06.10"]

1. d4 Nf6 2. c4 g6 3. Nf3 Bg7 4. g3 O-O 5. Bg2 d5 6. cxd5 Nxd5 7. O-O Nb6 8. Nc3
Nc6 9. d5 Na5 10. Qc2 c6 11. dxc6 Nxc6 12. Rd1 Qe8 13. Be3 Bf5 14. Qc1 Rc8 15.
Bh6 e5 16. Bxg7 Kxg7 17. b3 Qe7 18. Qb2 Rfd8 19. Nh4 Be6 20. Rxd8 Rxd8 21. Bxc6
bxc6 22. Rd1 Rxd1+ 23. Nxd1 Qc5 24. Nf3 f6 25. Qc3 Qxc3 26. Nxc3 Nd5 27. Ne4 Nb4
28. Nc3 Nd5 29. Ne4 Nb4 30. Nc5 Bd5 31. e4 Bf7 32. a3 Nc2 33. a4 Kf8 34. Kf1 Ke7
35. Nd2 Kd6 36. Nd3 Nd4 37. b4 Nb3 38. Nxb3 Bxb3 39. Nc5 Bc2 40. a5 f5 41. f3
Bd1 42. Kf2 h6 43. Ke3 Ke7 44. f4 exf4+ 45. Kxf4 fxe4 46. Kxe4 Kd6 47. Kd4 Bf3
48. Nd3 Bg4 49. Ne5 Bf5 50. Nf7+ Ke7 51. Nxh6 Be6 52. Ke5 Bd7 53. Ng8+ Kf7 54.
Nf6 Bf5 55. Ne4 Ke7 56. h4 Bh3 57. Nf6 Bg2 58. g4 Bf3 59. g5 Be2 60. Ne4 Bd1 61.
Nc5 Be2 62. Ne6 Bd1 63. Nf4 Bc2 64. h5 gxh5 65. Nxh5 Bb1 66. Nf4 Bc2 67. g6 Bb1
68. g7 Kf7 69. Kd6 Be4 70. Ne6 Bd5 71. Nd4 Kxg7 72. Nxc6 Bg2 73. Nxa7 Kf7 74.
Nc6 Ke8 75. a6 1-0

[Event "Titled Tue 10th Jun Late"]
[Site "chess.com INT"]
[Date "2025.06.10"]
[Round "5"]
[White "Annaberdiyev, Meylis"]
[Black "Buchenau, Frank"]
[Result "0-1"]
[WhiteTitle "GM"]
[BlackTitle "FM"]
[WhiteElo "2436"]
[BlackElo "2205"]
[WhiteFideId "14000563"]
[BlackFideId "4604350"]
[EventDate "2025.06.10"]

1. e4 e6 2. d4 d5 3. e5 c5 4. Nf3 cxd4 5. Bd3 Nc6 6. O-O f6 7. Bb5 Bd7 8. Bxc6
bxc6 9. Qxd4 c5 10. Qf4 f5 11. Qg3 Nh6 12. Bxh6 gxh6 13. Qh3 Qe7 14. c4 d4 15.
b4 cxb4 16. Nxd4 Rg8 17. Nd2 Qg5 18. N2b3 Qg4 19. Qxg4 Rxg4 20. f4 a5 21. h3 Rg3
22. Nf3 a4 23. Nbd4 Bc5 24. Kh2 Rg7 25. Rab1 Ke7 26. Rfd1 Rgg8 27. Rd2 Rab8 28.
Rbd1 Rb7 29. Rb1 Rc8 30. g4 fxg4 31. hxg4 Bxd4 32. Rxd4 Bc6 33. Nd2 Rg8 34. Kh3
Rd7 35. Rxd7+ Kxd7 36. Rxb4 Rf8 37. c5 Ra8 38. a3 Bd5 39. f5 exf5 40. gxf5 Ra5
41. e6+ Ke7 42. Rg4 Kf6 43. Rh4 Kg7 44. e7 Bf7 45. Re4 Be8 46. Re6 Rxc5 47. Rd6
Re5 48. f6+ Kf7 49. Nf3 Re3 50. Kg4 Re6 0-1

[Event "Titled Tue 10th Jun Late"]
[Site "chess.com INT"]
[Date "2025.06.10"]
[Round "5"]
[White "Brodowski, Piotr"]
[Black "Martinez Alcantara, Jose Eduardo"]
[Result "0-1"]
[WhiteTitle "IM"]
[BlackTitle "GM"]
[WhiteElo "2452"]
[BlackElo "2611"]
[WhiteFideId "1124480"]
[BlackFideId "3805662"]
[EventDate "2025.06.10"]

1. b3 Nf6 2. Bb2 e6 3. Nf3 b6 4. c4 Bb7 5. g3 Be7 6. Bg2 O-O 7. O-O c5 8. Nc3 d6
9. d4 cxd4 10. Qxd4 a6 11. Rad1 Nbd7 12. e4 Qc7 13. h3 Rac8 14. Qe3 Rfe8 15. Nd4
Bf8 16. Rfe1 Qb8 17. g4 h6 18. g5 hxg5 19. Qxg5 Rc5 20. Qg3 g6 21. f4 Bg7 22. f5
Nh5 23. Qf2 Ndf6 24. Ba3 exf5 25. exf5 Rce5 26. fxg6 fxg6 27. Nc6 Bxc6 28. Bxc6
Rg5+ 29. Kh1 Rxe1+ 30. Rxe1 Qc8 31. Bg2 Rf5 32. Qh4 Rf4 33. Qg5 Kh7 34. Bxd6 Rf3
35. Re3 Rf5 36. Qh4 Qd7 37. Be5 Bh6 38. Re1 Bd2 39. Bxf6 Bxe1 40. Qxe1 Nxf6 41.
Nd5 Nxd5 42. cxd5 Qd6 43. Be4 Re5 44. Qh4+ Kg7 45. Qg4 Qf6 46. Bg2 Re1+ 47. Kh2
Qe5+ 48. Qg3 Qxg3+ 49. Kxg3 Kf6 50. Kf4 g5+ 51. Kg4 Re2 52. Bf3 Rxa2 53. d6 Rd2 0-1

[Event "Titled Tue 10th Jun Late"]
[Site "chess.com INT"]
[Date "2025.06.10"]
[Round "5"]
[White "Halynyazov, Vepaly"]
[Black "Hofstadler, Mario"]
[Result "1-0"]
[BlackTitle "CM"]
[WhiteElo "2189"]
[BlackElo "2172"]
[WhiteFideId "14004020"]
[BlackFideId "1660497"]
[EventDate "2025.06.10"]

1. e4 Nc6 2. Nc3 e5 3. Bc4 h6 4. d3 Nf6 5. f4 d6 6. Nf3 Be7 7. O-O Be6 8. Bxe6
fxe6 9. fxe5 dxe5 10. Nh4 O-O 11. Ng6 Bc5+ 12. Kh1 Rf7 13. Na4 Bd6 14. Be3 Kh7
15. Nh4 Qf8 16. Qf3 Qe7 17. Qg3 Raf8 18. Qg6+ Kh8 19. Rf3 Nh7 20. Qh5 Qe8 21.
Ng6+ Kg8 22. Qg4 Rxf3 23. gxf3 Rf6 24. Rg1 Bf8 25. Nc5 Bxc5 26. Bxc5 Qf7 27. Rg3
Ng5 28. Kg2 Rxg6 29. h4 Kh7 30. hxg5 Rxg5 31. Qh3 Rxg3+ 32. Qxg3 Qg6 33. c3
Qxg3+ 34. Kxg3 g5 35. b4 a6 36. a4 Kg6 37. b5 axb5 38. axb5 Nd8 39. c4 c6 40.
Bd6 Nf7 41. Bc7 h5 42. Kh3 Kf6 43. Kg3 Ke7 44. Bb8 Kd7 45. Kf2 Kc8 46. Ba7 Kc7
47. Bc5 cxb5 48. cxb5 Nd6 49. Be3 1-0

[Event "Titled Tue 10th Jun Late"]
[Site "chess.com INT"]
[Date "2025.06.10"]
[Round "5"]
[White "Yushko, Olga"]
[Black "Hartge, Gedeon"]
[Result "1-0"]
[WhiteTitle "WFM"]
[BlackTitle "FM"]
[WhiteElo "2033"]
[BlackElo "2328"]
[WhiteFideId "14114500"]
[BlackFideId "12932116"]
[EventDate "2025.06.10"]

1. d4 d5 2. c4 e6 3. cxd5 exd5 4. Nc3 c6 5. Bf4 Bd6 6. Bxd6 Qxd6 7. e3 Bf5 8.
Bd3 Bxd3 9. Qxd3 Ne7 10. Nf3 O-O 11. O-O Nd7 12. Rab1 Rfe8 13. b4 b5 14. e4 Nb6
15. Rfe1 Nc4 16. e5 Qg6 17. Qd1 a5 18. a4 bxa4 19. Nxa4 Nf5 20. b5 cxb5 21. Rxb5
Red8 22. Nc5 h6 23. e6 fxe6 24. Rxe6 Qg4 25. h3 Qf4 26. Rb7 Re8 27. Rg6 Ncd6 28.
Nd3 Qe4 29. Rd7 Rad8 30. Nc5 Qf4 31. g3 Rxd7 32. gxf4 Rde7 33. Ne5 Ra7 34. Qa4
Rb8 35. Ne6 Rb4 36. Qc6 a4 37. Nxg7 Rxg7 38. Rxg7+ Kxg7 39. Qd7+ Kf6 40. Qd8+
Kg7 41. Qc7+ Kf6 42. Ng4+ Kg6 43. Qd7 Rxd4 44. Qe6+ Kh5 45. Nf6+ Kh4 46. Nxd5
Kxh3 47. Ne3 a3 48. Qg6 a2 49. Qh5+ Nh4 50. Qg4# 1-0

[Event "Titled Tue 10th Jun Late"]
[Site "chess.com INT"]
[Date "2025.06.10"]
[Round "5"]
[White "Manukyan, Sargis A."]
[Black "Mei, Austin"]
[Result "1/2-1/2"]
[WhiteTitle "FM"]
[BlackTitle "FM"]
[WhiteElo "2294"]
[BlackElo "2280"]
[WhiteFideId "13303970"]
[BlackFideId "30948479"]
[EventDate "2025.06.10"]

1. d4 Nf6 2. c4 c5 3. d5 e6 4. Nc3 exd5 5. cxd5 d6 6. Nf3 g6 7. g3 Bg7 8. Bg2
O-O 9. O-O Re8 10. Nd2 a6 11. a4 Nbd7 12. Nc4 Ne5 13. Na3 Bg4 14. h3 Bf5 15. e4
Bc8 16. f4 Ned7 17. Kh2 h5 18. Re1 h4 19. g4 Nh7 20. g5 Ne5 21. fxe5 Bxe5+ 22.
Kh1 Nxg5 23. Bxg5 Qxg5 24. Nc4 Bxh3 25. Qf3 Bxg2+ 26. Qxg2 Bg3 27. Rf1 Kg7 28.
Nxd6 Re7 29. Nc4 Rae8 30. e5 h3 31. Qf3 Bxe5 32. Nxe5 Qxe5 33. Rae1 Qd4 34. Rd1
Qh4 35. d6 Rd7 36. Qf2 Qg5 37. Rde1 Rxe1 38. Rxe1 Rxd6 39. Ne4 Qd5 40. Qf3 Re6
41. Re2 Qd1+ 42. Kh2 Qd4 43. Qc3 f5 44. Ng3 Qxc3 45. bxc3 Rxe2+ 46. Nxe2 Kf6 47.
Kxh3 g5 48. Kg3 Ke5 49. Kf3 b5 50. a5 b4 51. c4 b3 52. Ke3 b2 53. Nc3 f4+ 54.
Kd3 f3 55. Ke3 g4 56. Nb1 Kf5 57. Nd2 Ke5 58. Nb1 Kf5 59. Nd2 Ke5 60. Nb1 1/2-1/2

[Event "Titled Tue 10th Jun Late"]
[Site "chess.com INT"]
[Date "2025.06.10"]
[Round "5"]
[White "Brezis, Ari"]
[Black "Demirtas, Alper"]
[Result "1/2-1/2"]
[WhiteTitle "CM"]
[BlackTitle "CM"]
[WhiteElo "2179"]
[BlackElo "2205"]
[WhiteFideId "2858541"]
[BlackFideId "44576781"]
[EventDate "2025.06.10"]

1. d4 d5 2. Bf4 Nf6 3. e3 Bf5 4. c4 c6 5. Qb3 Qb6 6. c5 Qxb3 7. axb3 Nbd7 8. b4
Nh5 9. Bg3 Nxg3 10. hxg3 e5 11. b5 exd4 12. exd4 g6 13. Nf3 Bg7 14. Nc3 O-O 15.
Kd2 Bg4 16. Ra4 Rfe8 17. Bd3 h5 18. Rha1 Nf8 19. Ne2 Bxf3 20. gxf3 Ne6 21. Rxa7
Rxa7 22. Rxa7 Nxd4 23. Nxd4 Bxd4 24. Rxb7 cxb5 25. c6 Rc8 26. c7 Be5 27. Bxb5
Rxc7 28. Rxc7 Bxc7 29. Bc6 Bb6 30. Ke2 d4 31. f4 d3+ 32. Kf1 Kf8 33. f3 Ke7 34.
Bb5 d2 35. Ke2 Bf2 36. g4 h4 37. Kxd2 h3 38. Bf1 h2 39. Bg2 Bg3 40. f5 g5 41.
Ke2 Bf4 42. Kf1 Kd6 43. Bh1 Kc5 44. Kg2 Kb4 45. Kf1 Kb3 46. Kg2 Kxb2 47. Kf1 Kc2
48. Kf2 Kd2 49. Kf1 Ke3 50. Ke1 Bg3+ 51. Kf1 Bf4 52. Bg2 Kd2 53. Bh1 Be3 54. Bg2
Bg1 55. Bh1 Be3 56. Kg2 Bf4 57. Kf1 1/2-1/2

[Event "Titled Tue 10th Jun Late"]
[Site "chess.com INT"]
[Date "2025.06.10"]
[Round "5"]
[White "Bhatia, Kanishka"]
[Black "Bazan Romero, Octavio Aaron"]
[Result "0-1"]
[WhiteTitle "WCM"]
[BlackTitle "FM"]
[WhiteElo "1965"]
[BlackElo "2289"]
[WhiteFideId "2410095"]
[BlackFideId "20003943"]
[EventDate "2025.06.10"]

1. e4 c6 2. Nf3 g6 3. Nc3 Bg7 4. d4 d5 5. Be2 dxe4 6. Nxe4 Nf6 7. Nxf6+ exf6 8.
c3 O-O 9. Be3 Be6 10. O-O Nd7 11. Qd2 Nb6 12. Bh6 Bc4 13. Bxg7 Kxg7 14. b3 Bxe2
15. Qxe2 Re8 16. Qd3 Qd6 17. c4 Nd7 18. Rad1 Rad8 19. h3 Ne5 20. Nxe5 fxe5 21.
d5 c5 22. a3 f5 23. Qc3 Kf7 24. Rfe1 e4 25. b4 b6 26. bxc5 Qxc5 27. Rd4 Rd6 28.
Qe3 Kg7 29. Kh1 a6 30. Qc3 Kf7 31. Qe3 b5 32. cxb5 axb5 33. Red1 Red8 34. Qh6
Kg8 35. Qd2 Qxa3 36. Qf4 Qa2 37. Qe5 Qxf2 38. Rc1 R6d7 39. d6 e3 40. Qe6+ Kf8
41. Qf6+ Kg8 42. Qe6+ Kg7 43. Qe5+ Kh6 44. Rd3 f4 45. Rd5 e2 46. Qg5+ Kg7 47.
Qe5+ Kg8 48. Qe6+ Rf7 49. Re5 f3 50. gxf3 Qxf3+ 51. Kh2 Qf2+ 52. Kh1 Qf1+ 53.
Kh2 Qxc1 54. Kg3 Qg1+ 55. Kh4 Qf2+ 56. Kg5 Qf4# 0-1

[Event "Titled Tue 10th Jun Late"]
[Site "chess.com INT"]
[Date "2025.06.10"]
[Round "5"]
[White "Mitrabha, Guha"]
[Black "Adewumi, Tanitoluwa"]
[Result "0-1"]
[WhiteTitle "GM"]
[BlackTitle "FM"]
[WhiteElo "2515"]
[BlackElo "2362"]
[WhiteFideId "5057000"]
[BlackFideId "30966396"]
[EventDate "2025.06.10"]

1. c4 e5 2. Nc3 Nc6 3. Nf3 Nf6 4. e4 Bb4 5. d3 O-O 6. a3 Be7 7. Be2 d6 8. O-O
Bg4 9. Be3 Re8 10. Qd2 h6 11. h3 Bxf3 12. Bxf3 Nd7 13. b4 Bg5 14. g3 Nd4 15. Bd1
Bxe3 16. fxe3 Ne6 17. h4 c6 18. Bg4 Nf6 19. Bh3 d5 20. exd5 cxd5 21. c5 d4 22.
Nb5 dxe3 23. Qxe3 Nd4 24. Nd6 Nc2 25. Qf3 Nxa1 26. Rxa1 Re7 27. Rf1 Rb8 28. Nf5
Re8 29. Nd6 Rf8 30. g4 Ne8 31. Nxf7 Qd4+ 32. Kg2 Nf6 33. g5 Nd5 34. Kh1 Nf4 35.
g6 Nxg6 36. Be6 Qxh4+ 37. Kg1 Nf4 38. Bc4 Rxf7 39. Rf2 Qg5+ 40. Kf1 Rf8 41. Qxb7
g6 42. c6 Kg7 43. Bxf7 Rxf7 44. c7 Qe7 45. Rc2 Qd7 46. Qf3 Nxd3 47. Qxf7+ Qxf7+
48. Ke2 Nf4+ 49. Ke1 Nd3+ 50. Ke2 e4 51. Kd2 Qf4+ 52. Kc3 Qxc7+ 0-1

[Event "Titled Tue 10th Jun Late"]
[Site "chess.com INT"]
[Date "2025.06.10"]
[Round "5"]
[White "Hernandez Bonilla, Amelia"]
[Black "Sobek, Jaroslav"]
[Result "0-1"]
[WhiteTitle "WFM"]
[BlackTitle "FM"]
[WhiteElo "1976"]
[BlackElo "2195"]
[WhiteFideId "3900193"]
[BlackFideId "301388"]
[EventDate "2025.06.10"]

1. d4 Nf6 2. Bf4 g6 3. Nc3 Bg7 4. e4 d6 5. Qd2 c6 6. Bh6 Bxh6 7. Qxh6 b5 8. e5
Nd5 9. Nxd5 cxd5 10. Bxb5+ Nd7 11. e6 Qa5+ 12. c3 Qxb5 13. exd7+ Bxd7 14. Nf3
Qxb2 15. Qc1 Qxc1+ 16. Rxc1 O-O 17. Kd2 Rfb8 18. Rhe1 e6 19. Rb1 Bb5 20. Rb2 Bc4
21. Reb1 Rb6 22. Kc2 Rab8 23. Rxb6 Rxb6 24. Rxb6 axb6 25. Kb2 f6 26. a4 e5 27.
Nd2 Be2 28. Kb3 Kf7 29. Kb4 Ke6 30. dxe5 dxe5 31. c4 dxc4 32. Nxc4 Bxc4 33. Kxc4
Kd6 34. Kb5 Kc7 35. g4 f5 36. g5 e4 37. Kc4 Kb7 38. Kb5 Kc7 39. Kc4 Kc6 40. Kd4
Kd6 41. Kc4 f4 42. Kd4 e3 43. fxe3 fxe3 44. Kxe3 Kc5 45. h4 Kb4 46. h5 Kxa4 47.
hxg6 hxg6 48. Ke4 b5 49. Ke5 b4 50. Kf6 b3 51. Kxg6 b2 52. Kf7 b1=Q 53. g6 Qf5+
54. Kg7 Kb5 55. Kh7 Qh5+ 56. Kg7 Kc6 57. Kf7 Qf5+ 58. Kg7 Kd6 59. Kh6 Qf6 60.
Kh7 Qh4+ 61. Kg8 Qd8+ 62. Kf7 Qe7+ 63. Kg8 Qe6+ 64. Kh7 Qf5 65. Kh6 Ke6 66. g7
Kf6 67. g8=Q Qh3# 0-1

[Event "Titled Tue 10th Jun Late"]
[Site "chess.com INT"]
[Date "2025.06.10"]
[Round "5"]
[White "Grutter, Tim"]
[Black "Salinas Herrera, Pablo"]
[Result "1-0"]
[WhiteTitle "IM"]
[BlackTitle "GM"]
[WhiteElo "2404"]
[BlackElo "2447"]
[WhiteFideId "1057472"]
[BlackFideId "3407128"]
[EventDate "2025.06.10"]

1. d4 d5 2. Nc3 Nf6 3. Bf4 Bf5 4. e3 c6 5. Nf3 Nbd7 6. Ne5 Nxe5 7. Bxe5 Nd7 8.
Bf4 e6 9. h4 Bb4 10. g4 e5 11. dxe5 Be6 12. Bd3 Qc7 13. Qf3 Nxe5 14. Qg3 Bd6 15.
Ne2 c5 16. Bb5+ Ke7 17. Bd3 g6 18. Nc3 a6 19. Be2 Nc6 20. Bxd6+ Qxd6 21. Qxd6+
Kxd6 22. O-O-O Ne7 23. Bf3 Ke5 24. Rd2 Rad8 25. Rhd1 Rd7 26. Be2 Rhd8 27. f4+
Kf6 28. Bf3 Kg7 29. Na4 Rc7 30. Nb6 Rd6 31. Nxd5 Nxd5 32. Bxd5 Bxg4 33. Rg1 h5
34. e4 Re7 35. e5 Rb6 36. c4 Rb4 37. b3 b5 38. Kb2 bxc4 39. Bxc4 Rb6 40. Kc3 f6
41. Re1 fxe5 42. fxe5 a5 43. Rd8 a4 44. bxa4 Rb4 45. a5 Ra4 46. a6 Ra3+ 47. Kb2
Ra5 48. Rb8 Bf3 49. Re3 Bg2 50. Ra3 Rxa3 51. Kxa3 Rxe5 52. a7 Re3+ 53. Ka4 Re4
54. Kb5 Rxh4 55. Kxc5 Rh1 56. Bd5 Rc1+ 57. Kd6 Rd1 58. a8=Q Bxd5 59. Qxd5 Rxd5+
60. Kxd5 1-0

[Event "Titled Tue 10th Jun Late"]
[Site "chess.com INT"]
[Date "2025.06.10"]
[Round "5"]
[White "Demchenko, Svitlana"]
[Black "Mesquita, Eduardo Barbosa"]
[Result "0-1"]
[WhiteTitle "WIM"]
[WhiteElo "2135"]
[BlackElo "2014"]
[WhiteFideId "14149893"]
[BlackFideId "22757163"]
[EventDate "2025.06.10"]

1. Nf3 d5 2. g3 Nf6 3. Bg2 e6 4. O-O Be7 5. d3 O-O 6. Nbd2 c5 7. e4 Nc6 8. c3 d4
9. c4 e5 10. Nh4 g6 11. a3 Be6 12. Nhf3 h6 13. Ne1 Kg7 14. f4 exf4 15. gxf4 Bg4
16. Ndf3 Qd7 17. Qc2 Bh3 18. f5 Bxg2 19. Qxg2 Bd6 20. Nh4 g5 21. Bxg5 hxg5 22.
Qxg5+ Kh7 23. Kh1 Rg8 24. Ng6 fxg6 25. Qxf6 g5 26. Nf3 Qe7 27. Qxe7+ Bxe7 28. e5
g4 29. f6 gxf3 30. fxe7 Nxe5 31. Rae1 Rg5 32. h4 Rf5 33. Re4 Re8 34. Rfe1 Rxe7
35. Kh2 f2 36. Rf1 Nf3+ 37. Kg3 Rxe4 38. dxe4 Nd2 39. exf5 Nxf1+ 40. Kxf2 Ne3
41. f6 Kg6 42. b3 Kxf6 43. Kf3 Nf5 44. Ke4 Nxh4 45. b4 cxb4 46. axb4 Nf5 47. c5
Ke6 48. b5 d3 49. Kxd3 Kd5 50. c6 bxc6 51. bxc6 Kxc6 52. Kc4 Nd6+ 53. Kb4 Kb6
54. Ka4 Nb7 55. Kb4 a5+ 56. Ka4 Nc5+ 57. Ka3 Kb5 58. Kb2 a4 59. Ka2 Kb4 60. Kb2
a3+ 61. Ka2 Na4 62. Kb1 Nc5 63. Ka1 Ne4 64. Ka2 Nd2 65. Ka1 Nf3 66. Ka2 Nd4 67.
Ka1 Kb3 68. Kb1 a2+ 69. Ka1 Nc2# 0-1

[Event "Titled Tue 10th Jun Late"]
[Site "chess.com INT"]
[Date "2025.06.10"]
[Round "5"]
[White "Shandrygin, Nikita"]
[Black "Gasparyan, Erik R."]
[Result "1/2-1/2"]
[WhiteTitle "FM"]
[BlackTitle "IM"]
[WhiteElo "2209"]
[BlackElo "2372"]
[WhiteFideId "24198668"]
[BlackFideId "13315730"]
[EventDate "2025.06.10"]

1. Nf3 Nf6 2. g3 e6 3. d4 b6 4. Bg2 Bb7 5. O-O Be7 6. c4 O-O 7. b3 d5 8. Ne5
Nbd7 9. Bb2 Rc8 10. Nc3 c6 11. f4 Qc7 12. Rc1 Qb8 13. Nxd7 Nxd7 14. e4 dxe4 15.
Nxe4 Nf6 16. Ng5 h6 17. Nf3 c5 18. Qe2 Rfd8 19. Rcd1 cxd4 20. Bxd4 Bxf3 21. Bxf3
Rxd4 22. Rxd4 Bc5 23. Rd1 Rd8 24. Qe3 Re8 25. Kg2 e5 26. fxe5 Bxd4 27. Qxd4 Qxe5
28. Qxe5 Rxe5 29. b4 g5 30. g4 Re3 31. Rc1 Re7 32. c5 bxc5 33. bxc5 Rc7 34. c6
Kf8 35. Re1 Ng8 36. Kf2 Ne7 37. Rb1 Ke8 38. Rc1 f6 39. Ke3 Nc8 40. Kd4 Re7 41.
Kc5 Kd8 42. Rb1 Re5+ 43. Bd5 Nb6 44. Rxb6 axb6+ 45. Kd6 Re7 46. Be6 Ra7 47. Bd7
b5 48. a3 Rc7 49. h3 Ra7 50. Be6 Rc7 51. Bf5 Ra7 52. Bd7 Rc7 53. Be6 Ra7 54. Bd7
Rc7 55. Be6 Ra7 56. Bd7 1/2-1/2

[Event "Titled Tue 10th Jun Late"]
[Site "chess.com INT"]
[Date "2025.06.10"]
[Round "5"]
[White "Manzone, Alessandro"]
[Black "Pakleza, Zbigniew"]
[Result "0-1"]
[WhiteTitle "FM"]
[BlackTitle "GM"]
[WhiteElo "2397"]
[BlackElo "2484"]
[WhiteFideId "112488"]
[BlackFideId "1119290"]
[EventDate "2025.06.10"]

1. d4 d6 2. Nf3 Bg4 3. Nbd2 Nf6 4. g3 e6 5. Bg2 c6 6. O-O Be7 7. b3 O-O 8. Bb2
h6 9. h3 Bf5 10. Re1 Bh7 11. e4 d5 12. Ne5 Nbd7 13. Nd3 a5 14. e5 Ne8 15. a4 Nc7
16. Nf3 c5 17. dxc5 Na6 18. Nd4 Ndxc5 19. Nf4 Rc8 20. Rc1 Nb4 21. Ba3 Qb6 22.
Nb5 Rfd8 23. Bxb4 axb4 24. Qd4 Qa5 25. Nh5 Ne4 26. Nd6 Nxd6 27. exd6 Bf8 28. Qg4
Kh8 29. Qf4 Bg6 30. Qg4 Bxd6 31. Nf4 Bxc2 32. Nxe6 fxe6 33. Rxe6 Bf5 34. Rxc8
Bxg4 35. Re8+ Rxe8 36. Rxe8+ Kh7 37. hxg4 Kg6 38. Bf1 Kf7 39. Re3 Bc5 40. Rf3+
Ke6 41. Bb5 Bd6 42. Kg2 Be5 43. Rf5 Qb6 44. f4 Bf6 45. Rh5 Qe3 46. Rh1 Qd2+ 47.
Kh3 d4 48. Bc4+ Kd6 49. Rh2 Qc3 50. Re2 d3 51. Re6+ Kc5 52. Re8 d2 53. Rc8+ Kb6
54. a5+ Kxa5 55. Rc5+ Kb6 56. Rd5 Bd4 57. Rb5+ Kc6 0-1